Zavádzanie metódy 5S - Produktívne a usporiadané pracovisko vo výrobe latexových podšívkových rukavíc v spol. KZLM - Tilia s.r.o diplomová práca

Na minha lista:
Detalhes bibliográficos
Autor principal: Haluška, Róbert
Autor Corporativo: Podnikovohospodárska fakulta EU so sídlom v Košiciach. Katedra manažmentu
Outros Autores: Bašistová, Alena
Formato: Livro
Idioma:eslovaco
Publicado em: Košice 2013
Tags: Adicionar Tag
Sem tags, seja o primeiro a adicionar uma tag!

MARC

LEADER 00000nbm a2200000 4500
001 0170268
005 20170315090437.8
041 0 |a slo 
044 |a SK 
245 1 0 |a Zavádzanie metódy 5S - Produktívne a usporiadané pracovisko vo výrobe latexových podšívkových rukavíc v spol. KZLM - Tilia s.r.o  |b diplomová práca  |c Róbert Haluška ; školiteľ: Alena Bašistová 
264 1 |a Košice  |c 2013 
300 |a 111 s. 
100 1 |a Haluška, Róbert 
700 1 |a Bašistová, Alena 
710 2 |a Podnikovohospodárska fakulta EU so sídlom v Košiciach. Katedra manažmentu